000
00317nam a2200133 a 4500
090
_a
LB
_b
04849
041
_a
eng
245
_a
Law nÂș 9,433 of january 8, 1997 National water resource policy
250
_a
2da ed.
260
_a
Brasilia
_b
MMA
_b
SRH
_c
1999
300
_a
40 p.
942
_c
IMPRESO
945
_d
2007-06-12
999
_c
5583
_d
5583